| 000 | 00372nam a2200133Ia 4500 | ||
|---|---|---|---|
| 005 | 20260328104314.0 | ||
| 008 | 260328s9999||||xx |||||||||||||| ||und|| | ||
| 100 | _aArana, Mariano | ||
| 245 | 0 |
_aArquitectura Renovadora En Montevideo 1915-1940 . / _cMariano Arana |
|
| 260 | _bFundación de cultura Universitaria | ||
| 300 | _a107 p. | ||
| 650 | _aHISTORIA | ||
| 942 | _cBK | ||
| 999 |
_c11082 _d11082 |
||